AlphaCapitals 1 - Statistics

General Stats
  • This quiz has been taken 22 times
  • The average score is 13 of 15
Answer Stats
AlphaCapital Capital % Correct
begiijn / AS Beijing
100%
aarsww / E Warsaw
100%
aabcenrr / O Canberra
95%
aaaccrs / SA Caracas
95%
aaajkrt / AS Jakarta
95%
abgoot / SA Bogota
89%
aaahnv / NA Havana
89%
2 aaaabbddis / AF Addis Ababa
84%
aabeillrvzz / AF Brazzaville
84%
bdilnu / E Dublin
84%
addimr / E Madrid
84%
2 cceiimotxy / NA Mexico City
79%
aadggooouuu / AF Ouagadougou
79%
aghinnostw / NA Washington
79%
amoptu / AF Maputo
58%
No matching quizzes found
Score Distribution
Percent of People with Each Score
Percentile by Number Answered
Your Score History
You have not taken this quiz